The adventures of Sherlock Holmes / (Record no. 3055)

MARC details
000 -LEADER
fixed length control field 01124cam a2200313 a 4500
001 - CONTROL NUMBER
control field 3055
003 - CONTROL NUMBER IDENTIFIER
control field FISKH
005 - DATE AND TIME OF LATEST TRANSACTION
control field 20240201141555.0
008 - FIXED-LENGTH DATA ELEMENTS--GENERAL INFORMATION
fixed length control field 911119r1992 nyua j 000 1 eng
010 ## - LIBRARY OF CONGRESS CONTROL NUMBER
LC control number 91039632
020 ## - INTERNATIONAL STANDARD BOOK NUMBER
International Standard Book Number 0688107826 :
020 ## - INTERNATIONAL STANDARD BOOK NUMBER
International Standard Book Number 9781853260339
040 ## - CATALOGING SOURCE
Original cataloging agency DLC
Transcribing agency DLC
Modifying agency DLC
Language of cataloging eng
042 ## - AUTHENTICATION CODE
Authentication code lcac
050 00 - LIBRARY OF CONGRESS CALL NUMBER
Classification number PZ7.D76
Item number Af 1992
082 00 - DEWEY DECIMAL CLASSIFICATION NUMBER
Classification number [Fic]
Edition number 20
100 1# - MAIN ENTRY--PERSONAL NAME
Personal name Doyle, Arthur Conan,
Dates associated with a name 1859-1930.
245 14 - TITLE STATEMENT
Title The adventures of Sherlock Holmes /
Statement of responsibility, etc. Sir Arthur Conan Doyle ; Introduction and notes by Julian Wolfreys
250 ## - EDITION STATEMENT
Edition statement This edition published 1996
260 ## - PUBLICATION, DISTRIBUTION, ETC.
Place of publication, distribution, etc. London :
Name of publisher, distributor, etc. Bibliophile Books,
Date of publication, distribution, etc. 1992
300 ## - PHYSICAL DESCRIPTION
Extent 503 pages : Illustrations ; 20 cm
520 ## - SUMMARY, ETC.
Summary, etc. A collection of Sherlock Holmes mystery adventures, including "A Scandal in Bohemia," "The Red-headed League," and "The Adventure of the Speckled Band."
650 #0 - SUBJECT ADDED ENTRY--TOPICAL TERM
Topical term or geographic name entry element Detective and mystery stories, English.
650 #0 - SUBJECT ADDED ENTRY--TOPICAL TERM
Topical term or geographic name entry element Children's stories, English.
650 #1 - SUBJECT ADDED ENTRY--TOPICAL TERM
Topical term or geographic name entry element Mystery and detective stories.
650 #1 - SUBJECT ADDED ENTRY--TOPICAL TERM
Topical term or geographic name entry element Short stories.
906 ## - LOCAL DATA ELEMENT F, LDF (RLIN)
a 7
b cbc
c orignew
d 1
e ocip
f 19
g y-gencatlg
942 ## - ADDED ENTRY ELEMENTS (KOHA)
Source of classification or shelving scheme Dewey Decimal Classification
Koha item type Books
Suppress in OPAC No
Holdings
Withdrawn status Lost status Source of classification or shelving scheme Damaged status Not for loan Collection Home library Current library Shelving location Date acquired Total Checkouts Full call number Barcode Date last seen Price effective from Koha item type
    Dewey Decimal Classification     Fiction Footprints International School Library Network Toul Kork Campus Footprints International School Library Network Toul Kork Campus   02/01/2024   DOY Fic PR4622.A7 FIS00798 FIS00798 02/01/2024 02/01/2024 Books